[Event "PRO League Group Stage"]
[Site "chess.com INT"]
[Date "2019.01.15"]
[Round "2"]
[White "Fernandez, Daniel"]
[Black "Kurtz, Eric M"]
[Result "1-0"]
[WhiteTitle "IM"]
[WhiteElo "2482"]
[BlackElo "1868"]
[WhiteTeam "Miami Champions"]
[BlackTeam "Montreal Chessbrahs"]
[WhiteFideId "2015390"]
[BlackFideId "30939763"]
[EventDate "2019.01.08"]

1. Nf3 d5 2. g3 Nf6 3. Bg2 c6 4. O-O Bf5 5. d3 Nbd7 6. c4 h6 7. Nc3 e6 8. h3 Be7
9. Be3 O-O 10. Qb3 b6 11. Nd4 Nc5 12. Qd1 Rc8 13. cxd5 cxd5 14. Nxf5 exf5 15.
Nb5 Qd7 16. Nd4 Rfe8 17. a3 Bf8 18. Rc1 g6 19. Qd2 Kh7 20. Rc2 Bg7 21. Kh2 Ne6
22. Rfc1 Nxd4 23. Bxd4 Rxc2 24. Qxc2 Ng4+ 25. hxg4 Bxd4 26. e3 Be5 27. d4 Bb8
28. gxf5 Kg7 29. Qc6 Qxc6 30. Rxc6 Rd8 31. fxg6 fxg6 32. Bf1 h5 33. Bd3 Bd6 34.
Kg2 g5 35. Bc2 h4 36. Bb3 hxg3 37. fxg3 Kf6 38. Bxd5 Ke7 39. e4 Rd7 40. Kf3 Rc7
41. e5 Rxc6 42. Bxc6 Bc7 43. Kg4 b5 44. Kxg5 Bb6 45. d5 Bd4 46. Kf5 Bxb2 47. d6+
Kd8 48. e6 1-0

[Event "PRO League Group Stage"]
[Site "chess.com INT"]
[Date "2019.01.15"]
[Round "2"]
[White "Saric, Ivan"]
[Black "Katz, Alexander"]
[Result "1-0"]
[WhiteTitle "GM"]
[BlackTitle "IM"]
[WhiteElo "2690"]
[BlackElo "2433"]
[WhiteTeam "Montreal Chessbrahs"]
[BlackTeam "Miami Champions"]
[WhiteFideId "14508150"]
[BlackFideId "2039796"]
[EventDate "2019.01.08"]

1. e4 e5 2. Nf3 Nf6 3. Nc3 Nc6 4. Bb5 Bc5 5. d3 O-O 6. Bxc6 dxc6 7. Be3 Qe7 8.
Qd2 Bg4 9. Bxc5 Qxc5 10. O-O-O a5 11. h3 Bxf3 12. gxf3 a4 13. Rhg1 g6 14. a3 b5
15. Na2 Rfd8 16. Qg5 Qe7 17. f4 exf4 18. Qxf4 c5 19. Rg5 b4 20. Qe5 Qxe5 21.
Rxe5 Nd7 22. Rd5 Rab8 23. d4 b3 24. Nc3 c4 25. Nxa4 Kf8 26. e5 Ke7 27. Nc5 bxc2
28. Kxc2 Nb6 29. Rxd8 Rxd8 30. Kc3 Rb8 31. d5 Rd8 32. Rd4 f6 33. exf6+ Kxf6 34.
a4 Nxd5+ 35. Kxc4 c6 36. a5 Ra8 37. b4 Ke5 38. Nd7+ Ke6 39. Nb6 Rd8 40. Kc5 Rf8
41. Nxd5 cxd5 42. a6 Rxf2 43. b5 Rc2+ 44. Kb6 Ke5 45. Ra4 d4 46. a7 1-0

[Event "PRO League Group Stage"]
[Site "chess.com INT"]
[Date "2019.01.15"]
[Round "2"]
[White "Van Kampen, Robin"]
[Black "Wang, Tianqi"]
[Result "1-0"]
[WhiteTitle "GM"]
[WhiteElo "2658"]
[BlackElo "2329"]
[WhiteTeam "Montreal Chessbrahs"]
[BlackTeam "Miami Champions"]
[WhiteFideId "1020854"]
[BlackFideId "2063824"]
[EventDate "2019.01.08"]

1. e4 c6 2. d4 d5 3. e5 Bf5 4. Nf3 e6 5. Be2 c5 6. O-O Nc6 7. c3 Nge7 8. dxc5
Ng6 9. Be3 Be7 10. Nbd2 Ngxe5 11. Nxe5 Nxe5 12. f4 Nd7 13. g4 Be4 14. b4 O-O 15.
Nxe4 dxe4 16. g5 Qc7 17. Qd4 b6 18. Rfd1 Rad8 19. Qxe4 bxc5 20. b5 Nb6 21. c4
Bd6 22. a4 Nc8 23. Rd2 Ne7 24. Bg4 Ng6 25. Rad1 Qb8 26. a5 Ne7 27. Bxe6 Rfe8 28.
Bg4 Nf5 29. Qxf5 Rxe3 30. Kf2 Ree8 31. Rd5 g6 32. Qf6 Be7 33. Qe5 Qxe5 34. fxe5
Bxg5 35. Rxd8 Bxd8 36. b6 axb6 37. a6 Bh4+ 38. Kg2 Ra8 39. Ra1 Ra7 40. Bc8 Kf8
41. Kf3 Ke7 42. Ke4 Bf2 43. Bb7 Bd4 44. Rb1 f6 45. exf6+ Bxf6 46. Rxb6 Bd4 47.
Kd5 Kd7 48. Re6 Bg1 49. h3 Bd4 50. Re2 Bg1 51. Re1 Bd4 52. Rf1 Kc7 53. Rf7+ Kb6
54. Rxh7 g5 55. Rh6+ Ka5 56. Kc6 Be3 57. Re6 Bg1 58. Re2 Kb4 59. Kb6 1-0

[Event "PRO League Group Stage"]
[Site "chess.com INT"]
[Date "2019.01.16"]
[Round "2"]
[White "Azarov, Sergei"]
[Black "Erenburg, Sergey"]
[Result "1-0"]
[WhiteTitle "GM"]
[BlackTitle "GM"]
[WhiteElo "2575"]
[BlackElo "2589"]
[WhiteTeam "New York Marshalls"]
[BlackTeam "Pittsburgh Pawngrabbers"]
[WhiteFideId "13501470"]
[BlackFideId "2805642"]
[EventDate "2019.01.08"]

1. e4 c6 2. d4 d5 3. e5 Bf5 4. Nf3 e6 5. Be2 Ne7 6. O-O c5 7. Na3 Nec6 8. Bg5
Be7 9. Bxe7 Qxe7 10. c4 Be4 11. Nb5 O-O 12. dxc5 Nd7 13. cxd5 Bxd5 14. Nc7 Bxf3
15. Bxf3 Rac8 16. Bxc6 Nxe5 17. Nxe6 fxe6 18. Be4 Rxc5 19. Qe2 b6 20. Rad1 Nd7
21. Bxh7+ Kxh7 22. Qd3+ Rff5 23. Qxd7 Qxd7 24. Rxd7 Rc2 25. Rxa7 Rxb2 26. g3 e5
27. h4 Kg6 28. a4 e4 29. Re7 Rb4 30. Rd1 Rb2 31. Rd6+ Kh5 32. Rxg7 1-0

[Event "PRO League Group Stage"]
[Site "chess.com INT"]
[Date "2019.01.16"]
[Round "2"]
[White "Moranda, Wojciech"]
[Black "Liang, Awonder"]
[Result "1-0"]
[WhiteTitle "GM"]
[BlackTitle "GM"]
[WhiteElo "2593"]
[BlackElo "2589"]
[WhiteTeam "New York Marshalls"]
[BlackTeam "Pittsburgh Pawngrabbers"]
[WhiteFideId "1122401"]
[BlackFideId "2056437"]
[EventDate "2019.01.08"]

1. Nf3 Nf6 2. g3 b6 3. Bg2 Bb7 4. d4 g6 5. c4 Bg7 6. O-O O-O 7. Qc2 e6 8. Nc3 c5
9. dxc5 bxc5 10. Rd1 Nc6 11. Bf4 Qa5 12. a3 Rac8 13. Bd6 Rfe8 14. b4 cxb4 15.
axb4 Qh5 16. h3 Qf5 17. Qd3 a6 18. Rac1 Qxd3 19. exd3 Bf8 20. Bxf8 Kxf8 21. Rb1
Rb8 22. Rb2 Ba8 23. Rdb1 Rec8 24. Na4 Ne7 25. Nc5 Rb6 26. Na4 Rbb8 27. Nc5 Rb6
28. Ne5 Rd6 29. Ra2 Bxg2 30. Kxg2 Ra8 31. b5 a5 32. b6 Rb8 33. b7 Nc6 34. Nxc6
Rxc6 35. Rxa5 Ke7 36. Ra8 1-0

[Event "PRO League Group Stage"]
[Site "chess.com INT"]
[Date "2019.01.16"]
[Round "2"]
[White "Le, Tuan Minh"]
[Black "Jacobson, Aaron"]
[Result "1-0"]
[WhiteTitle "IM"]
[BlackTitle "FM"]
[WhiteElo "2515"]
[BlackElo "2286"]
[WhiteTeam "Pittsburgh Pawngrabbers"]
[BlackTeam "New York Marshalls"]
[WhiteFideId "12401153"]
[BlackFideId "2089912"]
[EventDate "2019.01.08"]

1. Nf3 Nf6 2. c4 e6 3. Nc3 d5 4. e3 Be7 5. b3 O-O 6. Qc2 b6 7. Bb2 Bb7 8. Be2 c5
9. O-O Nc6 10. cxd5 exd5 11. d4 cxd4 12. exd4 Rc8 13. Qf5 Rc7 14. Rac1 Bc8 15.
Qf4 Bg4 16. Nxd5 Nxd5 17. Qxg4 Bf6 18. Ne5 Nce7 19. Rxc7 Qxc7 20. Rc1 Qd6 21. g3
Rd8 22. a3 g6 23. Bf3 Bg7 24. Bg2 Qf6 25. h4 h5 26. Qe2 Qe6 27. Qa6 Nf6 28. Qxa7
Bf8 29. Qa4 Nf5 30. Qc4 Qxc4 31. Rxc4 Nd5 32. a4 Bg7 33. Be4 Nde7 34. Rb4 Nd6
35. Bf3 Rb8 36. a5 b5 37. a6 Nec8 38. Nd7 Rb6 39. Nxb6 Nxb6 40. a7 Bf8 41. a8=Q
Nxa8 42. Bxa8 f5 43. Bc6 Ne4 44. Rxb5 1-0

[Event "PRO League Group Stage"]
[Site "chess.com INT"]
[Date "2019.01.16"]
[Round "2"]
[White "Yu, Jennifer"]
[Black "Khamrakulov, Djurabek"]
[Result "1/2-1/2"]
[WhiteTitle "FM"]
[BlackTitle "GM"]
[WhiteElo "2313"]
[BlackElo "2503"]
[WhiteTeam "Pittsburgh Pawngrabbers"]
[BlackTeam "New York Marshalls"]
[WhiteFideId "2078341"]
[BlackFideId "14201143"]
[EventDate "2019.01.08"]

1. b4 e6 2. Bb2 Nf6 3. a3 c5 4. bxc5 Bxc5 5. e3 d5 6. Nf3 O-O 7. c4 Nc6 8. d4
Bb6 9. Nbd2 Ba5 10. Bd3 b6 11. O-O Bxd2 12. Nxd2 Ba6 13. Qa4 Na5 14. Bc3 Bxc4
15. Nxc4 Nxc4 16. Bxc4 dxc4 17. Qxc4 Rc8 18. Qb3 Qd5 19. Qxd5 Nxd5 20. Bb4 Rfd8
21. Rac1 f5 22. h3 Kf7 23. g3 Ke8 24. Kg2 Kd7 25. Kf3 a5 26. Bd2 a4 27. Ke2 b5
28. Kd3 Rxc1 29. Rxc1 Rc8 30. Rb1 Kc6 31. f3 Nb6 32. Bb4 Nc4 33. g4 Rd8 34. gxf5
exf5 35. Rg1 g6 36. h4 Ne5+ 37. Ke2 Nc4 38. Kd3 Ne5+ 39. Ke2 Nc4 40. Kd3 1/2-1/2

[Event "PRO League Group Stage"]
[Site "chess.com INT"]
[Date "2019.01.16"]
[Round "2"]
[White "Edouard, Romain"]
[Black "Sevian, Samuel"]
[Result "0-1"]
[WhiteTitle "GM"]
[BlackTitle "GM"]
[WhiteElo "2643"]
[BlackElo "2647"]
[WhiteTeam "London Lions"]
[BlackTeam "Montclair Sopranos"]
[WhiteFideId "633429"]
[BlackFideId "2040506"]
[EventDate "2019.01.08"]

1. Nf3 Nf6 2. c4 e6 3. g3 d5 4. Bg2 dxc4 5. Qa4+ Bd7 6. Qxc4 c5 7. Ne5 Qc8 8.
Nc3 Nc6 9. Nxd7 Qxd7 10. Qb5 Rc8 11. d3 Be7 12. O-O O-O 13. Be3 b6 14. a3 Rfd8
15. Rab1 Nd4 16. Qxd7 Rxd7 17. Rfd1 h6 18. h3 Nb3 19. f4 c4 20. dxc4 Rxd1+ 21.
Rxd1 Rxc4 22. Nb5 Rc2 23. Nxa7 Rxb2 24. a4 Bc5 25. Kf2 Bxe3+ 26. Kxe3 Nc5 27. g4
Rb3+ 28. Kf2 g5 29. fxg5 hxg5 30. Nc6 Nxa4 31. Rd8+ Kg7 32. Ra8 Nc5 33. Ra7
Nce4+ 34. Kg1 Nd6 35. e4 Nfxe4 36. Bxe4 Nxe4 37. Nd8 Rxh3 38. Rxf7+ Kg6 39. Rb7
Rb3 40. Nxe6 Kf6 41. Nd4 Rb2 42. Nf5 Ke5 43. Ne3 Kd4 44. Nf5+ Ke5 45. Ne3 Nd6
46. Rd7 b5 47. Kf1 Nc4 48. Nxc4+ bxc4 49. Rf7 c3 50. Ke1 Rb1+ 0-1

[Event "PRO League Group Stage"]
[Site "chess.com INT"]
[Date "2019.01.16"]
[Round "2"]
[White "Haria, Ravi"]
[Black "Lenderman, Aleksandr"]
[Result "1/2-1/2"]
[WhiteTitle "IM"]
[BlackTitle "GM"]
[WhiteElo "2450"]
[BlackElo "2637"]
[WhiteTeam "London Lions"]
[BlackTeam "Montclair Sopranos"]
[WhiteFideId "415820"]
[BlackFideId "2021285"]
[EventDate "2019.01.08"]

1. Nf3 d5 2. g3 Nf6 3. Bg2 e6 4. O-O Be7 5. c4 O-O 6. d4 c6 7. Qc2 b6 8. b3 Nbd7
9. Bb2 Bb7 10. Nc3 Qc7 11. Rad1 Rac8 12. e4 Nxe4 13. Nxe4 dxe4 14. Qxe4 c5 15.
d5 Bf6 16. Bc1 exd5 17. cxd5 Rfe8 18. Qc2 Qd8 19. Nd2 Bd4 20. Nc4 Nf6 21. Bb2
Bxb2 22. Qxb2 Ba6 23. Bh3 Bxc4 24. bxc4 Rb8 25. d6 Re4 26. Qc3 Re2 27. a4 Qf8
28. Qd3 Re4 29. d7 Rd4 30. Qc3 Qd6 31. Rxd4 cxd4 32. Rd1 dxc3 33. Rxd6 Rd8 34.
Rd3 c2 35. Rc3 Nxd7 36. Bxd7 Rxd7 37. Rxc2 Kf8 38. a5 bxa5 39. Ra2 Rc7 40. Rxa5
Rxc4 41. Rxa7 1/2-1/2

[Event "PRO League Group Stage"]
[Site "chess.com INT"]
[Date "2019.01.16"]
[Round "2"]
[White "Rohde, Michael"]
[Black "Roberson, Peter T"]
[Result "0-1"]
[WhiteTitle "GM"]
[BlackTitle "IM"]
[WhiteElo "2358"]
[BlackElo "2420"]
[WhiteTeam "Montclair Sopranos"]
[BlackTeam "London Lions"]
[WhiteFideId "2000172"]
[BlackFideId "412384"]
[EventDate "2019.01.08"]

1. Nf3 c5 2. c4 Nc6 3. d4 cxd4 4. Nxd4 Nf6 5. Nc3 e6 6. g3 Bc5 7. Nb3 Be7 8. Bg2
O-O 9. O-O d6 10. h3 a6 11. Be3 Ne5 12. Nd2 Qc7 13. Rc1 Bd7 14. f4 Ng6 15. Kh2
Bc6 16. Nd5 exd5 17. cxd5 Nxd5 18. Bxd5 Rfe8 19. Nc4 Bf8 20. Bb6 Qe7 21. e3 Rac8
22. Qd3 Bxd5 23. Qxd5 Rc6 24. b3 Rec8 25. Rcd1 h5 26. a4 h4 27. g4 Rxb6 28. Nxb6
Qxe3 29. Nxc8 Qg3+ 30. Kh1 Qxh3+ 31. Kg1 Qxg4+ 32. Qg2 Qxc8 33. Rd3 d5 34. Qxd5
Qg4+ 35. Qg2 Bc5+ 36. Kh1 Qf5 37. Rd5 h3 38. Qf3 Qc2 39. Qxh3 b6 40. f5 Qe4+ 41.
Qf3 Qh4+ 42. Kg2 Qg5+ 43. Qg3 Qh5 44. Rd8+ Nf8 45. Re8 Qh6 46. Qf4 Qc6+ 47. Qe4
Qf6 48. Rf3 Qg5+ 49. Rg3 Qd2+ 50. Kh3 Qh6+ 51. Qh4 Qc1 52. Rg2 Qh1+ 53. Rh2 Qf3+
54. Qg3 Qxf5+ 55. Qg4 Qd3+ 56. Kg2 Qc2+ 57. Kh3 Qxb3+ 58. Kg2 Qc2+ 59. Kh3 Qd3+
60. Kg2 Qc2+ 61. Kh3 Qb3+ 62. Kg2 Qd5+ 63. Qf3 Qa2+ 64. Kh3 Qxa4 65. Re4 Qd7+
66. Kg2 Qd2+ 67. Kh3 Qd7+ 68. Kg2 Ne6 69. Rh3 Qd2+ 70. Re2 Qxe2+ 71. Qxe2 Nf4+
72. Kf3 Nxe2 73. Kxe2 a5 74. Kd3 g6 75. Kc4 Kg7 76. Kb5 f5 77. Rd3 Kf6 78. Rd8
g5 79. Rd7 g4 80. Rd5 Kg5 81. Kc4 g3 82. Kd3 g2 83. Rxf5+ Kxf5 84. Kc4 g1=Q 0-1

[Event "PRO League Group Stage"]
[Site "chess.com INT"]
[Date "2019.01.16"]
[Round "2"]
[White "Bartell, Thomas"]
[Black "Harvey, Marcus R"]
[Result "0-1"]
[WhiteTitle "IM"]
[BlackTitle "FM"]
[WhiteElo "2353"]
[BlackElo "2397"]
[WhiteTeam "Montclair Sopranos"]
[BlackTeam "London Lions"]
[WhiteFideId "2017849"]
[BlackFideId "400092"]
[EventDate "2019.01.08"]

1. d4 Nf6 2. c4 e6 3. Nc3 Bb4 4. Qc2 O-O 5. e4 d5 6. e5 Ne4 7. Bd3 c5 8. Nf3
cxd4 9. Nxd4 dxc4 10. Bxe4 Qxd4 11. Bf4 Nc6 12. Rd1 Bxc3+ 13. bxc3 Qc5 14. Qe2
Ne7 15. O-O Nd5 16. Qh5 g6 17. Qf3 Nxf4 18. Qxf4 Rb8 19. Rd6 b5 20. h4 b4 21.
Rc6 Qe7 22. cxb4 Rxb4 23. Rc1 Bb7 24. R6xc4 Rxc4 25. Rxc4 Bxe4 26. Qxe4 Rd8 27.
g3 Qa3 28. Ra4 Qc5 29. Rc4 Qd5 30. Qf4 Qb7 31. Rc1 h5 32. a4 a5 33. Kh2 Qb4 34.
Rc4 Qb3 35. Rc7 Rf8 36. Ra7 Qc3 37. Rb7 Qc6 38. Rb5 Qc3 39. Qf6 Rc8 40. Rb7 Rf8
41. Rb5 Rc8 42. Rb7 Rf8 43. Rb5 Qc7 44. Kg2 Rb8 45. Rxb8+ Qxb8 46. Kh2 Qc7 47.
Kg1 Qd7 48. Qf4 Qd1+ 49. Kh2 Kf8 50. Qc4 Kg7 51. Qb5 Qd2 52. Kg2 Qb4 53. Qc6 Qd4
54. Qb5 Qc3 55. Kg1 Qe1+ 56. Kg2 Qe4+ 57. Kg1 Qe1+ 58. Kg2 Qd2 59. Kg1 Kf8 60.
Qc5+ Kg8 61. Qb5 Kg7 62. Kg2 Qb4 63. Qc6 Qb2 64. Qc5 Qb7+ 65. Kg1 Qb4 66. Qc6
Qe1+ 67. Kg2 Qxe5 68. Kh2 Qd5 69. Qc3+ e5 70. Kg1 Kf6 71. Kh2 Qd4 72. Qxa5 Qxf2+
73. Kh3 Qg1 74. Qd5 Qf1+ 75. Kh2 Qe2+ 76. Kh3 Qg4+ 77. Kh2 Qxa4 78. Qd6+ Kf5 79.
Qd3+ Qe4 80. Qd7+ Kf6 81. Qd6+ Kg7 82. Qe7 Qe2+ 83. Kg1 Qe3+ 84. Kg2 Qe4+ 85.
Kg1 Qf5 86. Kg2 e4 87. Kg1 Qf3 88. Qe5+ Kh7 89. Kh2 e3 90. Qc3 Qf2+ 91. Kh3 e2 0-1

[Event "PRO League Group Stage"]
[Site "chess.com INT"]
[Date "2019.01.16"]
[Round "2"]
[White "Caruana, Fabiano"]
[Black "Robson, Ray"]
[Result "1/2-1/2"]
[WhiteTitle "GM"]
[BlackTitle "GM"]
[WhiteElo "2828"]
[BlackElo "2667"]
[WhiteTeam "Saint Louis Arch Bishops"]
[BlackTeam "Webster Windmills"]
[WhiteFideId "2020009"]
[BlackFideId "2023970"]
[EventDate "2019.01.08"]

1. e4 e5 2. Nf3 Nc6 3. Bb5 Nf6 4. d3 Bc5 5. O-O Nd4 6. Nxd4 Bxd4 7. c3 Bb6 8.
Ba4 O-O 9. Bg5 h6 10. Bh4 d6 11. Nd2 g5 12. Bg3 Bg4 13. Qe1 Nh5 14. Bd1 Bxd1 15.
Qxd1 Nxg3 16. hxg3 f5 17. exf5 Rxf5 18. Nc4 Qf6 19. Qe2 Rf8 20. Nxb6 axb6 21. a4
h5 22. a5 bxa5 23. Rxa5 h4 24. gxh4 gxh4 25. Ra4 Rf4 26. Rxf4 Qxf4 27. Ra1 Kg7
28. b3 b5 29. Rd1 Rf5 30. d4 e4 31. c4 bxc4 32. bxc4 Rg5 33. Kh1 Qg4 34. Qxg4
Rxg4 35. Ra1 c5 36. Rd1 Kf6 37. Kh2 Rf4 38. Kg1 cxd4 39. Rxd4 Ke5 40. Rd5+ Ke6
41. Rh5 e3 42. fxe3 Rxc4 43. Kf2 Rg4 44. Rh8 d5 45. Ra8 d4 46. Ra6+ Kf7 47. exd4
Rxd4 1/2-1/2

[Event "PRO League Group Stage"]
[Site "chess.com INT"]
[Date "2019.01.16"]
[Round "2"]
[White "So, Wesley"]
[Black "Nyzhnyk, Illya"]
[Result "1-0"]
[WhiteTitle "GM"]
[BlackTitle "GM"]
[WhiteElo "2765"]
[BlackElo "2624"]
[WhiteTeam "Saint Louis Arch Bishops"]
[BlackTeam "Webster Windmills"]
[WhiteFideId "5202213"]
[BlackFideId "14118084"]
[EventDate "2019.01.08"]

1. c4 Nf6 2. Nc3 g6 3. e4 d6 4. d4 Bg7 5. Nf3 O-O 6. Be2 e5 7. dxe5 dxe5 8. Qxd8
Rxd8 9. Bg5 Na6 10. Nd5 Rd6 11. Nxf6+ Bxf6 12. Bxf6 Rxf6 13. Nxe5 Re6 14. f4 Nc5
15. O-O-O Re8 16. Bf3 f6 17. Nd3 Nxe4 18. Rhe1 Nd6 19. c5 Rxe1 20. Rxe1 Nf5 21.
Re8+ Kf7 22. Rh8 Kg7 23. Rd8 c6 24. Bg4 Ne7 25. Be6 b5 26. Re8 1-0

[Event "PRO League Group Stage"]
[Site "chess.com INT"]
[Date "2019.01.16"]
[Round "2"]
[White "Cordova, Emilio"]
[Black "Ali Marandi, Cemil Can"]
[Result "0-1"]
[WhiteTitle "GM"]
[BlackTitle "GM"]
[WhiteElo "2597"]
[BlackElo "2530"]
[WhiteTeam "Webster Windmills"]
[BlackTeam "Saint Louis Arch Bishops"]
[WhiteFideId "3801497"]
[BlackFideId "6300529"]
[EventDate "2019.01.08"]

1. Nf3 Nf6 2. c4 c6 3. b3 g6 4. Bb2 Bg7 5. g3 d5 6. Bg2 O-O 7. O-O Bg4 8. d3
Bxf3 9. Bxf3 e6 10. Nd2 Nbd7 11. Bg2 Re8 12. Rc1 a5 13. a3 Qe7 14. d4 Rad8 15.
Qc2 h5 16. Rcd1 h4 17. a4 hxg3 18. hxg3 e5 19. e3 e4 20. Bc3 b6 21. cxd5 cxd5
22. Rc1 Ng4 23. Rfe1 Qg5 24. Nf1 Qh5 25. Qe2 Ndf6 26. Bd2 Rc8 27. Rxc8 Rxc8 28.
Rc1 Rxc1 29. Bxc1 Nh7 30. f3 exf3 31. Bxf3 Nhf6 32. Ba3 Bf8 33. Bc1 Qf5 34. Bd2
Qe6 35. Be1 Bh6 36. Bf2 Bg5 37. Kg2 Nh6 38. Nd2 Nhg4 39. Nf1 Nh6 40. Qe1 Nf5 41.
Bg1 Nxd4 42. Qd1 Nxf3 43. Qxf3 Ne4 44. Qd1 Nc5 45. Qc2 Qe4+ 46. Qxe4 dxe4 47.
Nd2 Kf8 48. g4 Ke8 49. Kf1 Kd7 50. Ke2 Kc6 51. Bh2 Bf6 52. Kd1 Bc3 53. Nc4 Nd3
54. Bg3 Bb4 55. Bh4 b5 56. axb5+ Kxb5 57. Nd2 Bxd2 58. Kxd2 Ne5 59. Kc3 Nxg4 60.
Kd4 f5 61. Bd8 Kb4 62. Bb6 Kxb3 63. Bxa5 Kc2 0-1

[Event "PRO League Group Stage"]
[Site "chess.com INT"]
[Date "2019.01.16"]
[Round "2"]
[White "Cervantes Landeiro, Thalia"]
[Black "Bloomer, Josh"]
[Result "1/2-1/2"]
[WhiteTitle "WIM"]
[WhiteElo "2159"]
[BlackElo "1950"]
[WhiteTeam "Webster Windmills"]
[BlackTeam "Saint Louis Arch Bishops"]
[WhiteFideId "3520498"]
[BlackFideId "2020416"]
[EventDate "2019.01.08"]

1. d4 Nf6 2. c4 g6 3. f3 Bg7 4. e4 d6 5. Nc3 O-O 6. Nge2 Nc6 7. Be3 a6 8. Qd2
Rb8 9. d5 Ne5 10. Nd4 c5 11. dxc6 bxc6 12. f4 c5 13. Nb3 Nc6 14. Be2 a5 15. O-O
a4 16. Nxa4 Nxe4 17. Qd5 Nf6 18. Qd1 Nb4 19. Nc3 Bf5 20. Rc1 Ne4 21. g4 Nxc3 22.
bxc3 Nxa2 23. gxf5 Nxc1 24. Nxc1 Bxc3 25. fxg6 hxg6 26. f5 Kg7 27. Bd3 Bd4 28.
Bxd4+ cxd4 29. Qg4 Qa5 30. fxg6 f6 31. Ne2 Rb3 32. Nxd4 Qa7 33. Kh1 Rxd3 34.
Ne6+ Kg8 35. Nxf8 Qb7+ 36. Kg1 Qb6+ 37. Kh1 Qc6+ 38. Kg1 Qc5+ 39. Kh1 Qc6+ 40.
Kg1 Qc5+ 41. Kh1 Qc6+ 42. Kg1 Qc5+ 1/2-1/2

[Event "PRO League Group Stage"]
[Site "chess.com INT"]
[Date "2019.01.16"]
[Round "2"]
[White "Van Kampen, Robin"]
[Black "Eljanov, Pavel"]
[Result "1-0"]
[WhiteTitle "GM"]
[BlackTitle "GM"]
[WhiteElo "2658"]
[BlackElo "2680"]
[WhiteTeam "Montreal Chessbrahs"]
[BlackTeam "Miami Champions"]
[WhiteFideId "1020854"]
[BlackFideId "14102951"]
[EventDate "2019.01.08"]

1. e4 c6 2. d4 d5 3. e5 Bf5 4. Nf3 e6 5. Be2 Ne7 6. c3 Nd7 7. O-O c5 8. Be3 Nc6
9. Nbd2 c4 10. Ne1 Be7 11. g4 Bg6 12. f4 f5 13. exf6 Nxf6 14. b3 cxb3 15. axb3
O-O 16. Nd3 Nxg4 17. Bxg4 Bxd3 18. Bxe6+ Kh8 19. Rf2 Bf5 20. Bxf5 Rxf5 21. Nf3
Bd6 22. Qd3 Qf6 23. Ne5 Rf8 24. Nd7 Qh4 25. Nxf8 Rxf8 26. c4 a6 27. Re1 Ne7 28.
Bd2 Nf5 29. c5 Be7 30. Re5 g6 31. Rxd5 Bf6 32. Bc3 Re8 33. Re5 Bxe5 34. fxe5
Qg5+ 35. Kh1 Rf8 36. Bd2 Qg4 37. h3 Qh4 38. Kg2 Qh5 39. Kh2 Qh4 40. Rf4 Qe7 41.
b4 Kg8 42. Qc4+ Kg7 43. d5 Qg5 44. Qd3 Rd8 45. e6 Rxd5 46. Qxd5 Qg3+ 47. Kh1
Qxh3+ 48. Kg1 Qg3+ 49. Kf1 Qh3+ 50. Ke2 1-0

[Event "PRO League Group Stage"]
[Site "chess.com INT"]
[Date "2019.01.16"]
[Round "2"]
[White "Saric, Ivan"]
[Black "Fernandez, Daniel"]
[Result "1-0"]
[WhiteTitle "GM"]
[BlackTitle "IM"]
[WhiteElo "2690"]
[BlackElo "2482"]
[WhiteTeam "Montreal Chessbrahs"]
[BlackTeam "Miami Champions"]
[WhiteFideId "14508150"]
[BlackFideId "2015390"]
[EventDate "2019.01.08"]

1. e4 c5 2. Nf3 e6 3. d4 cxd4 4. Nxd4 a6 5. Bd3 Bc5 6. Nb3 Be7 7. Qg4 g6 8. Qe2
d6 9. O-O Nd7 10. Nc3 Ne5 11. f4 Nxd3 12. cxd3 Nf6 13. e5 Nd7 14. d4 d5 15. a4
Qb6 16. Qd1 O-O 17. a5 Qd8 18. f5 gxf5 19. Rf3 Kh8 20. Rh3 1-0

[Event "PRO League Group Stage"]
[Site "chess.com INT"]
[Date "2019.01.16"]
[Round "2"]
[White "Katz, Alexander"]
[Black "Kurtz, Eric M"]
[Result "1-0"]
[WhiteTitle "IM"]
[WhiteElo "2433"]
[BlackElo "1868"]
[WhiteTeam "Miami Champions"]
[BlackTeam "Montreal Chessbrahs"]
[WhiteFideId "2039796"]
[BlackFideId "30939763"]
[EventDate "2019.01.08"]

1. e4 d6 2. d4 Nf6 3. Nc3 g6 4. h3 c6 5. a4 Bg7 6. g4 h5 7. g5 Nfd7 8. Bg2 c5 9.
Nge2 Nc6 10. Be3 cxd4 11. Nxd4 Qa5 12. O-O O-O 13. Nd5 Re8 14. Nb5 Rb8 15. Nbc7
Rd8 16. b4 Nxb4 17. Bd2 Bxa1 18. Qxa1 Qc5 19. Bxb4 Qc4 20. Nxe7+ Kh7 21. Bxd6 b5
22. axb5 Rb6 23. e5 Nf8 24. Ncd5 Rbxd6 25. exd6 Nd7 26. Re1 Qh4 27. Nf6+ Nxf6
28. Qxf6 Qc4 29. Bd5 1-0

[Event "PRO League Group Stage"]
[Site "chess.com INT"]
[Date "2019.01.16"]
[Round "2"]
[White "Wang, Tianqi"]
[Black "Hansen, Eric"]
[Result "0-1"]
[BlackTitle "GM"]
[WhiteElo "2329"]
[BlackElo "2615"]
[WhiteTeam "Miami Champions"]
[BlackTeam "Montreal Chessbrahs"]
[WhiteFideId "2063824"]
[BlackFideId "2606771"]
[EventDate "2019.01.08"]

1. Nf3 Nf6 2. c4 g6 3. b3 d6 4. Bb2 e5 5. d3 Nc6 6. Nbd2 Bg7 7. g3 O-O 8. Bg2 h6
9. O-O Nh5 10. Qc1 Be6 11. Re1 Qd7 12. Bc3 Bh3 13. Bh1 f5 14. b4 g5 15. b5 Ne7
16. Qb2 Ng6 17. c5 g4 18. Nh4 Nxh4 19. gxh4 Qe7 20. Bxb7 Rab8 21. Bd5+ Kh8 22.
cxd6 cxd6 23. Bh1 f4 24. Qb4 Qxh4 25. Rac1 g3 26. hxg3 Nxg3 27. Bf3 Bf6 28. Bd5
Nxe2+ 0-1